000 00727nam a2200265Ia 4500
005 20260302114030.0
008 008 260114s9999 xx 000 0 eng d
020 _a9781666986679
037 _aTextbook
040 _aCRL
040 _beng
040 _cCRL
041 _2eng
041 _aeng
084 _qCRL
100 _aIthamar Theodor & Zhihua Yao
_91117554
245 0 _aBrahman and Dao Comparative Studies of Indian and Chinese Philosophy and Religion
260 _bBloomsbury
260 _bLexington Books
260 _c2013
650 _aPhilosophy
856 _uhttps://doi.org/10.5040/9781666986679?locatt=label:secondary_bloomsburyCollections
942 _cEBOOK
999 _c1681097
_d1681097